000249633 001__ 249633
000249633 005__ 20260201182904.0
000249633 022__ $$2(DE-600)965328-4$$a0085-0896
000249633 022__ $$a0085-0896
000249633 022__ $$a0367-1704$$l0367-1704
000249633 022__ $$a2445-6144
000249633 0247_ $$2ZDBID$$aPERI:(DE-600)3055230-8
000249633 0247_ $$2ZDBPPN$$aZDPPN:1228151725
000249633 0247_ $$2EZBID$$aPERI:(DE-606)475215
000249633 0247_ $$2EZBID$$aPERI:(DE-606)475215
000249633 0247_ $$2OCLC$$aOCLC:1240572443
000249633 0247_ $$2ISI$$aWOS:FRODSKAPARRIT
000249633 035__ $$aPERI:(DE-600)3055230-8
000249633 040__ $$a0008$$bger$$cDE-101$$dJOIN²$$eJOIN² journal identification
000249633 041__ $$aeng
000249633 044__ $$cXK-FO
000249633 082__ $$223sdnb$$a500$$qDE-600
000249633 08274 $$223sdnb$$a500$$qDE-600
000249633 24220 $$2DE-600$$aFróðskaparrit$$bFaroese scientific journal$$yen
000249633 24220 $$2DE-600$$aFróðskaparrit$$bFaroese scientific journal
000249633 245__ $$2DE-600$$aFróðskaparrit$$bFaroese scientific journal$$hprint, online
000249633 2463_ $$2DE-600$$aFróðskaparrit
000249633 2463_ $$aFróðskaparrit
000249633 260__ $$aTórshavn$$bFaroe University Press$$c[2009?]-
000249633 26431 $$aTórshavn$$bFaroe University Press$$c[2009?]-
000249633 3620_ $$2DE-600$$aBook 57 (2009) [?]-
000249633 36301 $$2DE-600$$81.1\x$$a57$$i2009
000249633 380__ $$2marcgt$$ajournal
000249633 500__ $$aAutomatically generated record. (Updated: 2025-11-11)
000249633 65310 $$2EZB-Subject$$aGeneral and Interdisciplinary Journals
000249633 77608 $$2DE-600$$dTórshavn : Fróðskaparfelag, 1952-2020$$iErscheint auch als$$nDruck-Ausgabe, 1952-$$tFróðskaparrit$$w(DE-600)965328-4$$x0085-0896
000249633 8564_ $$d0$$uhttp://fsj.um.fo$$yVerlag = kostenfrei
000249633 8564_ $$d0$$uhttps://ezb.ur.de/?3055230-8$$yEZB
000249633 8801_ $$2DE-600$$aFróðskaparrit$$bFaroese scientific journal
000249633 909CO $$ooai:juser.fz-juelich.de:914985$$pauthority$$pauthority:PERI
000249633 909CO $$ooai:juser.fz-juelich.de:914985
000249633 915__ $$0StatID:(DE-HGF)0199$$2StatID$$aDBCoverage$$bClarivate Analytics Master Journal List$$d2025-11-11
000249633 915__ $$0StatID:(DE-HGF)1040$$2StatID$$aDBCoverage$$bZoological Record$$d2025-11-11
000249633 980__ $$aPERI
000249633 980__ $$aAUTHORITY